000 00949nam0a22002771 4500
001 RU\NLR\INFOCOMM_253\5000056203
005 20250613101618.0
035 _a(NLR Aleph) 009385545
090 _a8009751
_c8009751
100 _a20110116d1983 |||y0rusy50 ca
101 1 _apor
102 _aRU
105 _ay ||||000|y
200 1 _aAfrica: progresso, dificuldades, perspectivas
_fAnatoli Gromiko
_g[Trad. de K. Asryants]
210 _aM.
_cProgresso
_d1983
215 _a271 с.
_d21 см
300 _aНа обороте тит. л.: Африка: прогресс, трудности и перспективы / А. Громыко
686 _aТ3(6)63
_2rubbk
686 _aУ9(6)806
_2rubbk
700 1 _4070
_7ba
_8rus
_aGromyko
_bA. A.
_f1932-2017
_gAnatolij Andreevič
_92648293
_3RU\NLR\AUTH\770276326
801 1 _aRU
_bNLR
_c20110116
801 0 _aRU
_bNLR
_gPSBO
852 _aNLR
_jИ87 Д-3/170
942 _cBOOK
980 _aNB